Dialektika a természettudományban
Elmentve itt :
| Adatforrás: | Philobibl |
|---|---|
| Dokumentumtípus: | Könyv |
| Nyelv: | magyar |
| Megjelent: |
Bp.
Szikra
1951
|
| LEADER | 00243nam a2200097 c 4500 | ||
|---|---|---|---|
| 001 | bibDOK00008971 | ||
| 005 | 20200924120446.4 | ||
| 008 | 060518s1951 hu hun | ||
| 245 | 0 | 0 | |a Dialektika a természettudományban |
| 260 | |a Bp. |b Szikra |c 1951 | ||
| 300 | |a 26 p. | ||